Video Game by Protagonist - Statistics

General Stats
  • This quiz has been taken 16 times
  • The average score is 4 of 20
Answer Stats
Protagonist Game % Correct
Michael De Santa, Franklin Clinton, Trevor Philips Grand Theft Auto V
87%
Geralt of Rivia The Witcher
60%
Commander Shepard Mass Effect
47%
Lone Wanderer Fallout 3
40%
Rico Rodriguez Just Cause
33%
Guybrush Ulysses Threepwood Monkey Island
33%
Marcus Fenix Gears of War
27%
Corvo Attano, Emily Kaldwin Dishonored 2
20%
B.J. Blazkowicz Wolfenstein
20%
Bayek of Siwa Assassin's Creed Origins
13%
Rincewind Discworld
13%
Cal Kestis Star Wars Jedi: Fallen Order
13%
Zane Flynt, Amara, FL4K, Moserah Hayussinian Yan-Lun al-Amir Andreyevna (Moze) Borderlands 3
7%
Samuel "Sam" Porter Bridges Death Stranding
7%
Eddie Riggs Brütal Legend
0%
Takkar Far Cry Primal
0%
De Sardet Greedfall
0%
Manuel "Manny" Calavera Grim Fandango
0%
Bitterman Quake
0%
Jack Cooper Titanfall 2
0%
No matching quizzes found
Score Distribution
Percent of People with Each Score
Percentile by Number Answered
Your Score History
You have not taken this quiz